Kemuskilan agama
| Main Author: | |
|---|---|
| Other Authors: | |
| Format: | Book |
| Published: |
Kuala Lumpur :
Darul Nu'man ,
1998
|
| Subjects: |
MARC
| LEADER | 00000cam a2200000 7i4500 | ||
|---|---|---|---|
| 001 | 0000040749 | ||
| 005 | 20001101.0 | ||
| 020 | |a 9830460746 | ||
| 090 | 0 | 0 | |a 297.5 |b ISH |
| 100 | 0 | |a Ishak Din |f Ustaz | |
| 245 | 1 | 0 | |a Kemuskilan agama |c Ustaz Ishak Din dan Dato' Dr. Harun Din |
| 260 | |a Kuala Lumpur : |b Darul Nu'man , |c 1998 | ||
| 300 | |a 220p. ; |c 21cm. | ||
| 650 | 0 | 0 | |a Islam |x Customs and practices |
| 700 | 0 | |a Harun Din |f Dato' Dr. , |e penulis | |
| 999 | |a 00089900 |b BUKU |c PINJAMAN |e PERPUSTAKAAN KOMUNITI PETALING JAYA | ||